<?xml version="1.0" encoding="UTF-8"?>
<record
    xmlns:xsi="http://www.w3.org/2001/XMLSchema-instance"
    xsi:schemaLocation="http://www.loc.gov/MARC21/slim http://www.loc.gov/standards/marcxml/schema/MARC21slim.xsd"
    xmlns="http://www.loc.gov/MARC21/slim">

  <leader>03439cam a22005534i 4500</leader>
  <controlfield tag="003">PE-LiUPU</controlfield>
  <controlfield tag="005">20260326100152.0</controlfield>
  <controlfield tag="008">180522s2013    mx a    rb    001 0 spa d</controlfield>
  <datafield tag="020" ind1=" " ind2=" ">
    <subfield code="a">9786071708458</subfield>
  </datafield>
  <datafield tag="035" ind1=" " ind2=" ">
    <subfield code="a">(Sirsi) a242055</subfield>
  </datafield>
  <datafield tag="040" ind1=" " ind2=" ">
    <subfield code="a">PE-LiUPU</subfield>
    <subfield code="b">spa</subfield>
    <subfield code="c">PE-LiUPU</subfield>
    <subfield code="e">rda</subfield>
  </datafield>
  <datafield tag="049" ind1=" " ind2=" ">
    <subfield code="a">PRUA</subfield>
  </datafield>
  <datafield tag="082" ind1="0" ind2="4">
    <subfield code="a">574.5078</subfield>
    <subfield code="b">F825e</subfield>
    <subfield code="2">20</subfield>
  </datafield>
  <datafield tag="100" ind1="1" ind2=" ">
    <subfield code="a">Franco L&#xF3;pez, Jonathan,</subfield>
    <subfield code="e">autor.</subfield>
  </datafield>
  <datafield tag="245" ind1="1" ind2="0">
    <subfield code="a">Ecolog&#xED;a y conservaci&#xF3;n :</subfield>
    <subfield code="b">laboratorio y campo /</subfield>
    <subfield code="c">Franco L&#xF3;pez, Jonathan ; colaboradores Gustavo de la Cruz Aguero [ y otros tres].</subfield>
  </datafield>
  <datafield tag="264" ind1=" " ind2="1">
    <subfield code="a">M&#xE9;xico :</subfield>
    <subfield code="b">Trillas,</subfield>
    <subfield code="c">2013.</subfield>
  </datafield>
  <datafield tag="300" ind1=" " ind2=" ">
    <subfield code="a">342 p&#xE1;ginas :</subfield>
    <subfield code="b">ilustraciones ;</subfield>
    <subfield code="c">25 cent&#xED;metros</subfield>
  </datafield>
  <datafield tag="336" ind1=" " ind2=" ">
    <subfield code="a">text</subfield>
    <subfield code="2">rdacontent</subfield>
  </datafield>
  <datafield tag="337" ind1=" " ind2=" ">
    <subfield code="a">unmediated</subfield>
    <subfield code="2">rdamedia</subfield>
  </datafield>
  <datafield tag="338" ind1=" " ind2=" ">
    <subfield code="a">volume</subfield>
    <subfield code="2">rdacarrier</subfield>
  </datafield>
  <datafield tag="504" ind1=" " ind2=" ">
    <subfield code="a">Bibliogr&#xE1;fia : al final de cada cap&#xED;tulo.</subfield>
  </datafield>
  <datafield tag="504" ind1=" " ind2=" ">
    <subfield code="a">&#xCD;ndice: p&#xE1;ginas 337-342.</subfield>
  </datafield>
  <datafield tag="505" ind1="0" ind2=" ">
    <subfield code="a">Medio ambiente -- Influencia de la luz en la producci&#xF3;n de ox&#xED;geno en Elodeasp -- Aclimataci&#xF3;n t&#xE9;rmica -- Estimaci&#xF3;n de l&#xED;mites de tolerancia a contaminantes -- Variabilidad dentro de poblaciones naturales -- Determinaci&#xF3;n del tama&#xF1;o de cuadrante y n&#xFA;mero de muestras -- Distribuci&#xF3;n y estimaci&#xF3;n del tama&#xF1;o de la poblaci&#xF3;n a partir de la densidad -- Estimaci&#xF3;n del tama&#xF1;o de la poblaci&#xF3;n -- Marcado y recaptura III -- Crecimiento poblacional -- Poblaci&#xF3;n humana. Tablas de vida y mortalidad -- Crecimiento poblacional exponencial. Simulaci&#xF3;n en el frijolero -- Crecimiento poblacional log&#xED;stico -- Tablas de fecundidad -- Modelo de matriz de Leslie -- Competencia -- Estudios de campo de competencia entre plantas -- Competencia intraespec&#xED;fica -- An&#xE1;lisis de la comunidad, descripci&#xF3;n de las caracter&#xED;sticas estructurales -- An&#xE1;lisis de la comunidad II, &#xE1;rea m&#xED;nima y m&#xE9;todo del cuadrado para comunidades vegetales -- An&#xE1;lisis de la comunidad III, t&#xE9;cnicas de puntos en cuadrante y pares al azar -- An&#xE1;lisis de la comunidad IV, m&#xE9;todo de intercepci&#xF3;n en l&#xED;nea -- An&#xE1;lisis de la comunidad V, asociaci&#xF3;n entre especies -- An&#xE1;lisis de la comunidad VI, similitud entre comunidades -- An&#xE1;lisis de la comunidad VII, diversidad -- An&#xE1;lisis de la comunidad VIII, modelos de abundancia-diversidad -- An&#xE1;lisis de la comunidad IX, fauna del suelo -- An&#xE1;lisis de la comunidad X, estudio de una comunidad acu&#xE1;tica -- An&#xE1;lisis del contenido estomacal -- Sucesi&#xF3;n de protozoarios -- Introducci&#xF3;n a la estad&#xED;stica descriptiva -- El muestreo en ecolog&#xED;a -- M&#xE9;todos indirectos para la estimaci&#xF3;n de la abundancia y densidad de las poblaciones de mam&#xED;feros -- Pruebas de hip&#xF3;tesis estad&#xED;stica -- An&#xE1;lisis de regresi&#xF3;n.</subfield>
  </datafield>
  <datafield tag="526" ind1=" " ind2=" ">
    <subfield code="a">SEG44</subfield>
  </datafield>
  <datafield tag="526" ind1=" " ind2=" ">
    <subfield code="a">SEG26</subfield>
  </datafield>
  <datafield tag="526" ind1=" " ind2=" ">
    <subfield code="a">P159</subfield>
  </datafield>
  <datafield tag="526" ind1=" " ind2=" ">
    <subfield code="a">P155</subfield>
  </datafield>
  <datafield tag="526" ind1=" " ind2=" ">
    <subfield code="a">P154</subfield>
  </datafield>
  <datafield tag="526" ind1=" " ind2=" ">
    <subfield code="a">P153</subfield>
  </datafield>
  <datafield tag="526" ind1=" " ind2=" ">
    <subfield code="a">P150</subfield>
  </datafield>
  <datafield tag="526" ind1=" " ind2=" ">
    <subfield code="a">P100</subfield>
  </datafield>
  <datafield tag="526" ind1=" " ind2=" ">
    <subfield code="a">P31</subfield>
  </datafield>
  <datafield tag="526" ind1=" " ind2=" ">
    <subfield code="a">P30</subfield>
  </datafield>
  <datafield tag="526" ind1=" " ind2=" ">
    <subfield code="a">P26</subfield>
  </datafield>
  <datafield tag="526" ind1=" " ind2=" ">
    <subfield code="a">P25</subfield>
  </datafield>
  <datafield tag="526" ind1=" " ind2=" ">
    <subfield code="a">P24</subfield>
  </datafield>
  <datafield tag="526" ind1=" " ind2=" ">
    <subfield code="a">P22</subfield>
  </datafield>
  <datafield tag="526" ind1=" " ind2=" ">
    <subfield code="a">P15</subfield>
  </datafield>
  <datafield tag="526" ind1=" " ind2=" ">
    <subfield code="a">P10</subfield>
  </datafield>
  <datafield tag="650" ind1="0" ind2="4">
    <subfield code="a">Conservaci&#xF3;n de los recursos naturales.</subfield>
    <subfield code="9">1146</subfield>
  </datafield>
  <datafield tag="650" ind1="0" ind2="4">
    <subfield code="a">Conservation of natural resources.</subfield>
  </datafield>
  <datafield tag="700" ind1="1" ind2=" ">
    <subfield code="a">Valero Pacheco, Elizabeth,</subfield>
    <subfield code="e">colaborador.</subfield>
  </datafield>
  <datafield tag="700" ind1="1" ind2=" ">
    <subfield code="a">Abarca Arenas, Luis Gerardo,</subfield>
    <subfield code="e">colaborador.</subfield>
  </datafield>
  <datafield tag="700" ind1="1" ind2=" ">
    <subfield code="a">S&#xE1;nchez Bedia, Carlos,</subfield>
    <subfield code="e">colaborador.</subfield>
  </datafield>
  <datafield tag="910" ind1=" " ind2=" ">
    <subfield code="a">dbm</subfield>
  </datafield>
  <datafield tag="942" ind1=" " ind2=" ">
    <subfield code="2">ddc</subfield>
    <subfield code="c">BOOK</subfield>
  </datafield>
  <datafield tag="980" ind1=" " ind2=" ">
    <subfield code="8">18226</subfield>
    <subfield code="g">Jaime Vilcaz&#xE1;n Jefe de An&#xE1;lisis Documental</subfield>
  </datafield>
  <datafield tag="999" ind1=" " ind2=" ">
    <subfield code="c">27565</subfield>
    <subfield code="d">27565</subfield>
  </datafield>
  <datafield tag="952" ind1=" " ind2=" ">
    <subfield code="r">2026-03-31 16:41:00</subfield>
    <subfield code="i">8</subfield>
    <subfield code="l">7</subfield>
    <subfield code="o">574.5078 F825e</subfield>
    <subfield code="p">74007</subfield>
    <subfield code="s">2026-03-02</subfield>
    <subfield code="t">e2</subfield>
    <subfield code="v">32.94</subfield>
    <subfield code="w">2016-07-08</subfield>
    <subfield code="x">FACIHED</subfield>
    <subfield code="y">BK</subfield>
    <subfield code="z">inventario-2023-12-13</subfield>
    <subfield code="1">0</subfield>
    <subfield code="2">ddc</subfield>
    <subfield code="5">0</subfield>
    <subfield code="7">0</subfield>
    <subfield code="8">GEN</subfield>
    <subfield code="f">P10</subfield>
    <subfield code="a">BUL</subfield>
    <subfield code="b">BUL</subfield>
    <subfield code="c">GEN</subfield>
    <subfield code="d">2016-07-08</subfield>
    <subfield code="e">COMPRA</subfield>
    <subfield code="g">27.94</subfield>
  </datafield>
  <datafield tag="952" ind1=" " ind2=" ">
    <subfield code="r">2026-05-13 10:28:49</subfield>
    <subfield code="i">5</subfield>
    <subfield code="l">8</subfield>
    <subfield code="o">574.524 F82</subfield>
    <subfield code="p">78548</subfield>
    <subfield code="s">2026-05-05</subfield>
    <subfield code="t">e1</subfield>
    <subfield code="v">32.98</subfield>
    <subfield code="w">2018-05-21</subfield>
    <subfield code="x">FACIHED</subfield>
    <subfield code="y">BK</subfield>
    <subfield code="z">inventario-2023-12-13</subfield>
    <subfield code="1">0</subfield>
    <subfield code="2">ddc</subfield>
    <subfield code="5">0</subfield>
    <subfield code="7">0</subfield>
    <subfield code="8">GEN</subfield>
    <subfield code="f">P10</subfield>
    <subfield code="a">BUL</subfield>
    <subfield code="b">BUL</subfield>
    <subfield code="c">GEN</subfield>
    <subfield code="d">2018-05-21</subfield>
    <subfield code="e">COMPRA</subfield>
    <subfield code="g">27.98</subfield>
  </datafield>
  <datafield tag="952" ind1=" " ind2=" ">
    <subfield code="r">2026-03-31 16:41:04</subfield>
    <subfield code="i">5</subfield>
    <subfield code="l">0</subfield>
    <subfield code="o">574.5078 F825e</subfield>
    <subfield code="p">78549</subfield>
    <subfield code="t">e3</subfield>
    <subfield code="v">32.98</subfield>
    <subfield code="w">2018-05-21</subfield>
    <subfield code="x">FACIHED</subfield>
    <subfield code="y">BK</subfield>
    <subfield code="z">inventario-2023-12-13</subfield>
    <subfield code="1">0</subfield>
    <subfield code="2">ddc</subfield>
    <subfield code="5">0</subfield>
    <subfield code="7">0</subfield>
    <subfield code="8">GEN</subfield>
    <subfield code="f">P10</subfield>
    <subfield code="a">BUL</subfield>
    <subfield code="b">BUL</subfield>
    <subfield code="c">GEN</subfield>
    <subfield code="d">2018-05-21</subfield>
    <subfield code="e">COMPRA</subfield>
    <subfield code="g">27.98</subfield>
  </datafield>
</record>
